| 000 | 00506nam a2200181Ia 4500 | ||
|---|---|---|---|
| 001 | 7859 | ||
| 005 | 20260306160526.0 | ||
| 008 | 260306t2021||||xx |||||||||||||| ||spa|| | ||
| 041 | _aESP | ||
| 082 |
_a363.325 _bL91 |
||
| 100 |
_aLosonczy, Anne Marie, _eAUT |
||
| 245 | 0 |
_aRetorno de cuerpos, recorrido de almas : _bexhumaciones y duelos colectivos en América Latina y España |
|
| 260 | _c2021 | ||
| 300 |
_axxi, 176 páginas : _c24 cm. |
||
| 650 | _aGEN | ||
| 654 | _aCHU | ||
| 942 |
_cLIB _dJUS _fJUS _2ddc _n |
||
| 999 |
_c7859 _d7859 |
||